header

The men from P.I.G. and R.O.B.O.T. / (Record no. 250682)

MARC details
000 -LEADER
fixed length control field 00860pam a2200265 i 4500
001 - CONTROL NUMBER
control field 832029
003 - CONTROL NUMBER IDENTIFIER
control field OSt
005 - DATE AND TIME OF LATEST TRANSACTION
control field 20151015085115.0
008 - FIXED-LENGTH DATA ELEMENTS--GENERAL INFORMATION
fixed length control field 770623t19781974nyu j 000 1 eng
010 ## - LIBRARY OF CONGRESS CONTROL NUMBER
LC control number 77022875
020 ## - INTERNATIONAL STANDARD BOOK NUMBER
International Standard Book Number 0689306342
040 ## - CATALOGING SOURCE
Original cataloging agency DLC
Transcribing agency DLC
Modifying agency DLC
042 ## - AUTHENTICATION CODE
Authentication code lcac
050 00 - LIBRARY OF CONGRESS CALL NUMBER
Classification number PZ7.H249
Item number Me 1978
082 00 - DEWEY DECIMAL CLASSIFICATION NUMBER
Classification number [Fic]
100 1# - MAIN ENTRY--PERSONAL NAME
Personal name Harrison, Harry,
Dates associated with a name 1925-2012.
245 14 - TITLE STATEMENT
Title The men from P.I.G. and R.O.B.O.T. /
Statement of responsibility, etc by Harry Harrison.
250 ## - EDITION STATEMENT
Edition statement 1st ed.
260 ## - PUBLICATION, DISTRIBUTION, ETC. (IMPRINT)
Place of publication, distribution, etc New York :
Name of publisher, distributor, etc Atheneum,
Date of publication, distribution, etc 1978, c1974.
300 ## - PHYSICAL DESCRIPTION
Extent 141 p. ;
Dimensions 21 cm.
520 ## - SUMMARY, ETC.
Summary, etc Humorous accounts of specially trained and bred pigs and of the Robot Obtrusion Batallion give eleven thousand new space policemen insight into possible assignments.
650 #1 - SUBJECT ADDED ENTRY--TOPICAL TERM
Topical term or geographic name as entry element Science fiction.
906 ## - LOCAL DATA ELEMENT F, LDF (RLIN)
a 7
b cbc
c orignew
d 1
e ocip
f 19
g y-gencatlg
942 ## - ADDED ENTRY ELEMENTS (KOHA)
Source of classification or shelving scheme Library of Congress Classification
Koha item type Long Loan Books
Holdings
Withdrawn status Lost status Source of classification or shelving scheme Damaged status Not for loan Collection code Home library Current library Shelving location Date acquired Total Checkouts Full call number Barcode Date last seen Price effective from Koha item type
    Library of Congress Classification     Fiction Rongo University Library Rongo University Library General Stacks 15/10/2015   PZ7.H249 Me 1980 20089336 15/10/2015 15/10/2015 Long Loan Books

© 2026 Rongo University
Contact us: librarian | system librarian | Rongo university